Eden's children : Eden / V.C. Andrews.
When former teacher Paula Eden adopts Faith and Trevor, she is astounded by their natural intelligence and decides to homeschool them to nurture their brilliance. But as the years go on, Faith and Trevor itch for more independence. When Faith sets her sights on a handsome young man visiting from out of town, Paula grows increasingly desperate to preserve her small family and her plans for the children to carry on her legacy. Luckily, she has a cohort in loyal Trevor, who will do anything to please his mother, even at the risk of hurting his sister and potentially changing their lives forever.
Record details
- ISBN: 9781797146492
- ISBN: 1797146491
- Physical Description: 7 audio discs (approximately 510 min.) ; 4 3/4 in.
- Edition: Unabridged.
- Publisher: New York, NY : Simon & Schuster Audio, [2022]
Content descriptions
| Participant or Performer Note: | Read by Carly Robins. |
Search for related items by subject
| Subject: | Home schooling > Fiction. Adoption > Fiction. Siblings > Fiction. Adopted children > Family relationships > Fiction. Dysfunctional families > Fiction. Mothers > Fiction. |
| Genre: | Audiobooks. Sagas. Thrillers (Fiction) |
Search for related items by series
| LDR | 03101cim a22007337i 4500 | ||
|---|---|---|---|
| 001 | 160008 | ||
| 003 | SBPL | ||
| 005 | 20230214170039.0 | ||
| 008 | 220926s2022 nyunnnn f n eng d | ||
| 007 | sd fsngnnmmned | ||
| 020 | . | ‡a9781797146492 | |
| 020 | . | ‡a1797146491 | |
| 024 | 3 | . | ‡a9781797146485 |
| 035 | . | ‡a(OCoLC)1345698019 | |
| 050 | 4. | ‡aPS3551.N454 ‡bE34 2022ab | |
| 082 | 0 | 4. | ‡a813/.54 ‡223/eng/20220928 |
| 100 | 1 | . | ‡aAndrews, V. C. ‡q(Virginia C.), ‡eauthor. |
| 245 | 1 | 0. | ‡aEden's children : ‡bEden / ‡cV.C. Andrews. |
| 250 | . | ‡aUnabridged. | |
| 264 | 1. | ‡aNew York, NY : ‡bSimon & Schuster Audio, ‡c[2022] | |
| 300 | . | ‡a7 audio discs (approximately 510 min.) ; ‡c4 3/4 in. | |
| 306 | . | ‡a083000 | |
| 336 | . | ‡aspoken word ‡bspw ‡2rdacontent | |
| 337 | . | ‡aaudio ‡bs ‡2rdamedia | |
| 338 | . | ‡aaudio disc ‡bsd ‡2rdacarrier | |
| 344 | . | ‡adigital ‡2rdatr | |
| 344 | . | ‡boptical ‡2rdarm | |
| 347 | . | ‡aaudio file ‡2rdaft | |
| 347 | . | ‡bCD audio | |
| 490 | 0 | . | ‡aEden. ; ‡vBk 1 |
| 511 | 0 | . | ‡aRead by Carly Robins. |
| 520 | . | ‡aWhen former teacher Paula Eden adopts Faith and Trevor, she is astounded by their natural intelligence and decides to homeschool them to nurture their brilliance. But as the years go on, Faith and Trevor itch for more independence. When Faith sets her sights on a handsome young man visiting from out of town, Paula grows increasingly desperate to preserve her small family and her plans for the children to carry on her legacy. Luckily, she has a cohort in loyal Trevor, who will do anything to please his mother, even at the risk of hurting his sister and potentially changing their lives forever. | |
| 650 | 0. | ‡aHome schooling ‡vFiction. | |
| 650 | 0. | ‡aAdoption ‡vFiction. | |
| 650 | 0. | ‡aSiblings ‡vFiction. | |
| 650 | 0. | ‡aAdopted children ‡xFamily relationships ‡vFiction. | |
| 650 | 0. | ‡aDysfunctional families ‡vFiction. | |
| 650 | 0. | ‡aMothers ‡vFiction. | |
| 655 | 7. | ‡aAudiobooks. ‡2lcgft | |
| 655 | 7. | ‡aSagas. ‡2lcgft | |
| 655 | 7. | ‡aThrillers (Fiction) ‡2lcgft | |
| 700 | 1 | . | ‡aRobins, Carly, ‡enarrator. |
| 800 | 0 | . | ‡aAndrews, V. C. ‡tEden. ; ‡vBk 1 |
| 901 | . | ‡a160008 ‡bAUTOGEN ‡c160008 ‡tbiblio | |